000 00907nam a22002177a 4500
010 _a1617CH-EN
020 _a9788176212007
_c250.00
035 _aB-643938-947
035 _aB-665001
037 _aDPL
_bBBB/Ven.
082 _aS
100 _aThapan, Anita Raina
245 _aHurray for diwali! /
_cby Anita Raina Thapan; illustrated by Alankrita
260 _bTota Books
_c2015
_aNew Delhi
270 _aJ-40, Jorbagh Lane,
_bNew Delhi
_e110003
300 _av.p.
_c23cm(pbk)
700 _aAlankrita
942 _2ddc
_cCH
_mTHA
_hS
999 _c100996
_d100996